| 000 | 00414nam a2200169Ia 4500 | ||
|---|---|---|---|
| 008 | 230524s9999 xx 000 0 und d | ||
| 020 | _a8170298911 | ||
| 082 |
_a4.133 _bLYO |
||
| 100 | _aRichard G.Lyons | ||
| 245 | 0 | _aUnderstanding Digital Signal Processing | |
| 250 | _a1ST | ||
| 260 |
_aNEW DELHI _bPearson _c2002 |
||
| 300 | _a517 | ||
| 500 | _aQuantity Number: 2 | ||
| 650 | _aElectronics | ||
| 942 | _cBK | ||
| 999 |
_c26146 _d26146 |
||